01153 2200421 4500001002100000005001500021035002000036007000300056008004100059040001700100100002100117245007000138250001200208300003100220020002200251041000800273082001600281084002200297090002800319260003300347600001500380700003000395850001000425990001900435990001900454990001900473990002200492990002200514990002200536990002200558990002200580990002200602990002200624990002200646990002200668990002200690990001900712INLIS00000000000278920260531121442 a0010-0720000072ta260531 g 0 ind  aSBPUPADbind0 aCatherine Gerber1 aTop 10 Los Angeles /cCatherine Gerber, Editor: Winny Rachmayanti a.-cet.5 a159 hlm. :bilus. ;c19 cm a978-979-075-854-4 aind a910.397.492 a910.397.492 GER t a910.397.492 GER t 25-4 a--Jakarta :bErlangga,c2011 4aPariwisata aEditor: Winny Rachmayanti aPUPAD a17.393/BR-2012 a17.394/BR-2012 a17.396/BR-2012 a26.671/P/DPK/2017 a26.672/P/DPK/2017 a26.673/P/DPK/2017 a26.674/P/DPK/2017 a26.695/P/DPK/2017 a26.696/P/DPK/2017 a26.697/P/DPK/2017 a26.698/P/DPK/2017 a26.699/P/DPK/2017 a26.700/P/DPK/2017 a17.395/BR-2012